Datum a čas kvízu
39
Celkem bodů
Celkový počet nahraných bodů na tomto kvízu bez doplňovacích otázek.
1.
Pořadí na kvízu
Konečné umístění týmu na tomto kvízu.
Zaznamenané odpovědi
| # | Otázka | Odpověď | Body | Výsledky |
|---|---|---|---|---|
| 1. | Grand Prix Architektů - Národn... | v Jihomoravském kraji | 1 | |
| 2. | Na počátku minulého týdne zača... | Díválí/Diwali | 1 | |
| 3. | Na sociálních sítích se objevi... | Kim Čong-un | 1 | |
| 4. | Na Islandu byl zaznamenán prvn... | komár | 1 | |
| 5. | Kterému zimnímu sportu se věnu... | biatlonu | 1 | |
| 6. | Dnešní zeměpisné téma otevírám... | Golčův Jeníkov, Gmünd | 1 | |
| 7. | Které z následujících tvrzení... | C | 1 | |
| 8. | V další otázce bude vaším úkol... | 1B 2C 3D 4A | 1 | |
| 9. | Napište název státu obsahující... | Belgie | 1 | |
| 10. | V této koláži jsou spojené vla... | Gruzie, Guatemala | 0.5 |